Statistics for Taylor Swift - invisible string Lyrics

Click here to take the quiz!

General Stats

  • This quiz has been taken 84 times
  • The average score is 244 of 300

Answer Stats

Answer% Correct
a
100%
A
100%
I
100%
the
100%
was
98%
Me
95%
me?
95%
me
95%
to
95%
Where
95%
You
95%
you
95%
at
93%
in
93%
of
93%
so
93%
were
93%
Were
93%
Invisible
91%
string
91%
there
91%
an
89%
color
89%
Green
89%
it
89%
my
89%
Park
89%
some
89%
used
89%
who
89%
All
86%
all
86%
along
86%
Teal
86%
then
86%
think
86%
your
86%
and
84%
And
84%
no
84%
On
84%
on
84%
shirt
84%
time
84%
Time
84%
Tying
84%
When
84%
grass
82%
isn't
82%
just
82%
little
82%
make
82%
money
82%
read
82%
shop
82%
work
82%
Centennial
80%
didn't
80%
meet
80%
pretty
80%
see?
80%
sixteen
80%
somebody
80%
would
80%
yogurt
80%
clues
77%
for
77%
For
77%
gold
77%
Gold
77%
like
77%
Oh
77%
bar
75%
curious
75%
Gave
75%
gave
75%
said
75%
She
75%
single
75%
that
75%
American
73%
heart
73%
LA
73%
looked
73%
One
73%
singer
73%
trip
73%
broke
70%
by
70%
dinner
70%
favorite
70%
Out
70%
spot
70%
thread
70%
Tied
70%
Baby
68%
pink
68%
around
66%
ate
66%
boys
66%
but
66%
Now
66%
open
66%
presents
66%
purple
66%
signs
66%
skies
66%
their
66%
with
66%
babies
64%
Bad
64%
blood
64%
Bold
64%
brought
64%
Cutting
64%
first
64%
heaven
64%
Hell
64%
mistakes
64%
mystical
64%
send
64%
song
64%
wire
64%
blues
61%
cab
61%
demons
61%
past
61%
pulled
61%
showed
61%
waitress
61%
barbed
59%
compasses
59%
grind
59%
into
59%
it's
59%
journey
59%
Lakes
59%
leaves
59%
our
59%
three
59%
wrapped
59%
wrong
59%
dive
57%
down
57%
fine
57%
healing
57%
year
57%
axe
55%
Chains
55%
lunch
55%
right
55%
arms
52%
Cold
52%
Getting
52%
Something
52%
cool
50%
seasons
50%
steel
48%
Ah
45%
wondrous
41%
brave
39%
Wool
32%

Score Distribution

Percentile by Number Answered

Percent of People with Each Score

Your Score History

You have not taken this quiz